00696 2200277 4500001002100000005001700021008004100038020001800079035002400097082001200121090001900133100001500152245005400167260002500221300001900246440002200265500002800287650000900315700001900324850001500343980001100358985000600369986001300375999001500388999001500403YOGYA-0209000001272620090227022243.0 ind  a979-431-018-2 0010-020900000012726 a155.232 a155.232bLak K aLAKE, Tony aKesepiancTony Lake ; alih bahasa, F.X. Budiyanto aJakartabArcanc1986 a130 hlmc19 cm aPsikologi populer aJudul asli : Lineliness aMalu aBudiyanto, F.X aYOPDYOG(B) a090605 a2 afwhrtrev a94P0052436 a95P0065551